000 01278nam a2200325 i 4500
003 EG-GICUC
005 20260429145739.0
008 260429s2006 ua ||||fr|||| 000 0 ara d
017 _a2005/8369
040 _a EG-GICUC
_bara
_c EG-GICUC
_d EG-GICUC
_erda
041 0 _aara
082 0 4 _221
_a345
_bم ح . و
092 0 4 _221
099 _aLaw1 07 345 م ح . و 2006
100 0 _aمحمد صلاح عبدالبديع السيد.
_eمؤلف.
245 1 0 _aوضع القانون الإداري في الدول العربية بين النظام اللاتيني والنظام الأنجلوسكسونى /
_cمحمد صلاح عبدالبديع السيد.
264 1 _aالقاهرة :
_bدار النشر العربية،
_c2006.
300 _a238 صفحة ؛
_c24 سم.
336 _2rda content
_atext
337 _2rda media
_aComputer
338 _2rda carrier
_aOnline Resource
504 _a ببليوجرافيا: صفحات 225 - 236
505 _aيشتمل على إرجاعات ببليوجرافية.
546 _aالنص باللغة العربية
650 1 _aالقانون الإداري
_2qrmak
651 1 _2qrmak
856 4 0 _uhttps://fll.law.cu.edu.eg/fulltext/bks/ B07-04829.pdf
905 _a62
942 _2ddc
_n0
_cBK
_e21
999 _c74266
_d74266